000 00349nam a2200145Ia 4500
001 R-721
003 CODICE-MESSINA
005 20260212102456.0
008 260211s9999 xx 000 0 und d
040 _cimportazione_messina
100 _aLuigi Capuana
245 0 _aIl Maechese Di Roccaverdina
260 _bRusconi Editore
942 _2ddc
_cBK
999 _c27212
_d27212